000 00718nmc a2200265 a 4500
003 AR-BaBNM
005 20251128205019.0
008 086019s1976 ||||||||||||||000 | spa||
040 _cAR-BaBNM
100 1 _aFragueiro, Mariano
245 1 0 _aCuestiones argentinas y organización del crédito
260 _aBuenos Aires
_bSolar/Hachette
_c1976
300 0 _a320 p.
490 0 _aDimensión argentina
650 4 _aHISTORIA ECONOMICA
650 4 _aECONOMIA NACIONAL
650 4 _aPOLITICA ECONOMICA
650 4 _aPOLITICA COMERCIAL
650 4 _aCOMERCIO
651 4 _aArgentina
700 1 _aWeinberg, Gregorio
_eprologuista
800 1 _aWeinberg, Gregorio
_edirector
942 _cBK
998 _cisola
999 _c9680
_d9680